Statistics for Anime terminology

Click here to take the quiz!

General Stats

  • This quiz has been taken 122 times
  • The average score is 11 of 15

Answer Stats

Hint Answer % Correct
Pornographic anime, often extremely perverted.Hentai
95%
Stupid, foolishBaka
93%
In Japan this word is derogatory, but to Westerners it often just means "anime fan"Otaku
92%
Japanese word meaning "cute"Kawaii
92%
Dressing up as a character from an anime, manga, or other form of media.Cosplay
89%
A genre of action-filled manga and anime specifically aimed at young males.Shonen
82%
A character who acts cold or mean to mask their romantic feelings for the main character.Tsundere
82%
A genre of anime or manga with a focus on same-sex love storiesYaoi or Yuri
79%
Term for an older, respected student, often someone whose attention one cravesSenpai
79%
Derogatory name for a Western person obsessed with Japanese cultureWeeaboo
72%
A genre of manga and anime focused on personal and romantic relationships, aimed at young females.Shoujo
65%
Word that means "small," often referring to an art style featuring tiny, cute charactersChibi
62%
Sexually suggestive material (such as underwear shots, close-ups of cleavage, etc.) added to a work specifically to appeal to a certain segment of fans.Fanservice
54%
Japanese snack consisting of cookie sticks covered with chocolate or other flavors.Pocky
51%
Self-published anime or novels, often fan-made works featuring existing charactersDoujinshi
49%

Score Distribution

Percentile by Number Answered

Percent of People with Each Score

Your Score History

You have not taken this quiz